|
|
|
|
| LEADER |
00000nam a2200000 a 4500 |
| 001 |
vtls010565640 |
| 003 |
SK-MaSNL |
| 005 |
20260301150234.0 |
| 008 |
240314s2013 xo a 000 0 slo |
| 015 |
|
|
|a SNBE2014
|
| 020 |
|
|
|a 9788089671045
|q (brož.)
|
| 035 |
|
|
|a F36CB84B-2A90-4809-A410-A782238C3F42
|
| 035 |
|
|
|a urn:nbn:sk:snk-aml0fy
|
| 035 |
|
|
|a urn:nbn:sk:snk-am008nkk
|
| 040 |
|
|
|a SNK
|b slo
|c SNK
|e AACR2
|
| 041 |
1 |
|
|a slo
|
| 043 |
|
|
|a e-xo---
|
| 044 |
|
|
|a xo
|c SK
|
| 072 |
|
7 |
|a 659
|x Reklama. Public relations. Médiá
|2 konspekt
|
| 072 |
|
7 |
|a 789
|x Hudba pre bicie nástroje
|2 konspekt
|
| 080 |
|
|
|a 659.2-027.555(091)
|2 2001
|
| 080 |
|
|
|a (437.6)
|2 2001
|
| 080 |
|
|
|a (036)
|2 2001
|
| 080 |
|
|
|a 789.1-051
|2 2001
|
| 100 |
1 |
|
|a Ružan, Pavol,
|d 1922-
|4 aut
|9 134490
|
| 245 |
1 |
0 |
|a Zapadla éra a ozveny bubeníkov v južnom Zemplíne
|b bum, bum, bum - dava še na znamojsc každomu -
|c [autor]: Pavol Ružan ; [zodp. redaktorka: Janka Vargová]
|
| 260 |
|
|
|a Trebišov
|b Zemplínska knižnica
|c 2013
|
| 300 |
|
|
|a 19 s.
|b ilustr.
|c 22 cm
|
| 650 |
0 |
7 |
|a verejné informačné služby
|x dejiny
|2 SNKPH
|9 507188
|
| 650 |
0 |
7 |
|a Public information services
|x history
|2 SNKPHeng
|9 507189
|
| 650 |
0 |
7 |
|a bubeníci
|2 SNKPH
|9 102582
|
| 650 |
0 |
7 |
|a Drummers
|2 SNKPHeng
|9 507190
|
| 651 |
|
7 |
|a Zemplín (Slovensko : región)
|2 SNKPH
|9 16697
|
| 651 |
|
7 |
|a Zemplín (Slovakia : region)
|2 SNKPHeng
|9 169051
|
| 655 |
|
7 |
|a informačné publikácie
|2 SNKPH
|9 70181
|
| 655 |
|
7 |
|a Information publications
|2 SNKPHeng
|9 265188
|
| 700 |
1 |
|
|a Vargová, Jana
|4 lso
|9 325005
|
| 710 |
2 |
|
|a Zemplínska knižnica v Trebišove
|4 pbl
|9 145766
|
| 919 |
|
|
|a 978-80-89671-04-5
|
| 999 |
|
|
|c 782865
|d 784795
|
| 952 |
|
|
|a SNK
|b SNK
|y PREZ
|7 0
|p 17A1101156
|o snkSC 157361
|i snk2013/30635
|8 0
|0 0
|1 0
|4 0
|d 2013-12-16
|f 1
|l 0
|r 2025-08-19 00:00:00
|w 2026-02-24
|